banner koha

Contribuição das ramificações e a evolução do índice de área foliar em cultivares modernas de soja (Registro n. 246474)

MARC details
000 -LÍDER
campo de controle de tamanho fixo 01073nas a2200349 4500
001 - NÚMERO DE CONTROLE
campo de controle BR2015005610
003 - IDENTIFICADOR DO NÚMERO DE CONTROLE
campo de controle BR-BrBNA
005 - DATA E HORÁRIO DA ÚLTIMA TRANSAÇÃO
campo de controle 20231205125837.0
007 - CAMPO FIXO DE DESCRIÇÃO FÍSICA--INFORMAÇÃO GERAL
campo de controle de tamanho fixo ta
008 - CAMPO DE DADOS FIXOS--INFORMAÇÃO GERAL
campo de controle de tamanho fixo 230509b bl.|||p| |||| 00| 00por d
040 ## - FONTE DA CATALOGAÇÃO
Instituição da catalogação original BR-BrBNA
Idioma da catalogação por
Instituição que transcreveu o registro Biblioteca Nacional de Agricultura
041 ## - CÓDIGO DE IDIOMA
Código do idioma do texto/trilha sonora ou título diferente (Pt)
072 ## - CÓDIGO DE CATEGORIA DE ASSUNTO
Código de Categoria de Assunto F01
100 1# - ENTRADA PRINCIPAL--NOME PESSOAL
Nome pessoal Zanon, A.J.
100 1# - ENTRADA PRINCIPAL--NOME PESSOAL
Nome pessoal Streck, N.A.
100 1# - ENTRADA PRINCIPAL--NOME PESSOAL
Nome pessoal Richter, G.L.
100 1# - ENTRADA PRINCIPAL--NOME PESSOAL
Nome pessoal Becker, C.C.
100 1# - ENTRADA PRINCIPAL--NOME PESSOAL
Nome pessoal Rocha, T.S.M. da
100 1# - ENTRADA PRINCIPAL--NOME PESSOAL
Nome pessoal Cera, J.C.
100 1# - ENTRADA PRINCIPAL--NOME PESSOAL
Nome pessoal Winck, J.E.M.
100 1# - ENTRADA PRINCIPAL--NOME PESSOAL
Nome pessoal Cardoso, A.P.
100 1# - ENTRADA PRINCIPAL--NOME PESSOAL
Nome pessoal Tagliapietra, E.L.
100 1# - ENTRADA PRINCIPAL--NOME PESSOAL
Nome pessoal Weber, P.S.
245 1# - TÍTULO
Título Contribuição das ramificações e a evolução do índice de área foliar em cultivares modernas de soja
650 ## - ASSUNTO--TERMO TÓPICO
Cabeçalho tópico ou nome geográfico SOJA
650 ## - ASSUNTO--TERMO TÓPICO
Cabeçalho tópico ou nome geográfico RENDIMENTO
650 ## - ASSUNTO--TERMO TÓPICO
Cabeçalho tópico ou nome geográfico ÉPOCA DE SEMEADURA
773 0# - ENTRADA ANALÍTICA
Título Bragantia (Brazil)
ISSN - International Standard Serial Number ISSN 1678-4499
Partes relacionadas (Jul-Sep 2015), v. 74(3) p. 279-290
Número de controle do registro BR2015005610
856 40 - LOCALIZAÇÃO ELETRÔNICA E ACESSO
Uniform Resource Identifier <a href="http://www.scielo.br/pdf/brag/v74n3/0006-8705-brag-167844990463.pdf">http://www.scielo.br/pdf/brag/v74n3/0006-8705-brag-167844990463.pdf</a>
909 ## -
-- 202311
-- Lúcia
-- 55
-- Lúcia Elande
942 ## - ELEMENTOS DE ENTRADA ADICIONADOS (KOHA)
Fonte da classificação ou esquema de arquivamento na estante Classificação AGRIS
Ocultar no OPAC Não
Tipo de material Koha Analítica
Exemplares
Situação do descarte Fonte da classificação ou esquema de arquivamento na estante Situação física Não pode ser emprestado Biblioteca de origem Biblioteca atual Localização na estante Enumeração do periódico / cronologia Total de empréstimos Data de último acesso Número do exemplar Tipo de material Koha Fonte de aquisição
  Classificação AGRIS   Consulta local Biblioteca Nacional de Agricultura - Binagri Biblioteca Nacional de Agricultura - Binagri   (Jul-Sep 2015), v. 74(3) p. 279-290   29/11/2023 01 Periódicos Portaria Interministerial nº 164/94

BINAGRI

Telefone: (61)3218-2567/2388/3357/2097 - binagri@agro.gov.br

Ministério da Agricultura e Pecuária , Esplanada dos Ministérios, Bloco D, Anexo B, Brasília/DF, CEP: 70.043-900